| 000 | 00614cam a2200193 a 4500 | ||
|---|---|---|---|
| 020 | _a067520528X (pbk.) | ||
| 020 | _a0675205298 (hard) | ||
| 082 | 0 | 0 |
_a004.03 _bSPE _cL-10,P-89 |
| 100 | 1 |
_aSpencer, Donald D. _936584 |
|
| 245 | 1 | 4 |
_aThe illustrated computer dictionary / _cDonald D. Spencer. |
| 250 | _a3rd ed. | ||
| 260 |
_aColumbus : _bMerrill Pub. Co., _cc1986. |
||
| 300 |
_avi, 328 p. : _bill. ; _c24 cm. |
||
| 526 |
_a0 _b0 _c0 _d004_030000000000000_SPE |
||
| 650 | 0 |
_aComputers _xDictionaries. _936585 |
|
| 650 | 0 |
_aElectronic data processing _xDictionaries. _936528 |
|
| 650 | 0 |
_aMCE _9379 |
|
| 942 |
_2ddc _cBK |
||
| 999 |
_c541609 _d541609 |
||